000 012280000a22002650004500
001 13473
003 CO-MdFUSB
005 20190202100507.0
008 170308n1980 ck ||||| |||| 00| 0 spa d
040 _aCO-MdFUSB
_bspa
_cCO-MdFUSB
_dCO-MdFUSBC
_erda
041 0 _aspa
082 0 4 _aG 201 D686p
100 1 _aDonner, Theodorus Gerardus (Theo G.)
_eautor
245 1 0 _aPautas orientadoras para una filosofía cristiana
_c / Theo G. Donner
264 1 _aColombia :
_b [Sin editorial],
_c[1980]
300 _a64 Pag
336 _2rdacontent
_a1
_ba1
337 _2rdamedia
_a2
_b5
338 _2rdacarrier
_a2
_b5
500 _aLibro no publicado
505 0 0 _aLa ciencia y el conocimiento de Dios - La revelación de Dios - El hombre en la filosofía cristiana - La gracia comun - Filosofía cristiana y epistemología - Filosofía cristiana y ciencia natural - Filosofía cristiana y las ciencias sociales - La filosofía cristiana y el Estado - Los cristianos y la política - Relaciones laborales - Filosofía cristiana y justicia pública - Filosofía cristiana y la ética del servicio - Filosofía cristiana y lenguaje
650 7 _aFilosofía y religión
_2
_9198
650 7 _aTeología doctrinal
_2
_9179
942 _cBK
999 _c42438
_d42438